Pľúcne funkcie u pacientov so srdcovým zlyhaním a ich zmeny po podaní furosemidu

Bibliographic Details
Main Author: Redhammerová, Andrea (Author)
Format: Article
Language:Slovak

MARC

LEADER 00000nab a2200000ua 4500
001 vtls010800707
003 SK-MaSNL
005 20260303152732.0
008 230222s2001 xo |||||||||||||||||slo|
035 |a (urnnbn)urn:nbn:sk:snk:ar-a0689j 
035 |a (uuid)2a5427de-2953-40e9-8d83-330ccc155211 
035 |a urn:nbn:sk:snk-ab4wzd 
040 |a SNKBUCL  |b slo  |c SNKBUCL  |e AACR2 
041 0 |a slo 
044 |a xo  |c SK 
100 1 |a Redhammerová, Andrea  |4 aut  |9 530798 
245 1 0 |a Pľúcne funkcie u pacientov so srdcovým zlyhaním a ich zmeny po podaní furosemidu  |c Andrea Redhammerová 
773 0 |t Studia pneumologica et phtiseologica : časopis Slovenskej pneumologickej a ftizeologickej spoločnosti a České pneumolologické a ftizeologické společnosti  |g Roč. 61, č. 6 (2001), s. 244-247 
954 |a odborná, vedecká literatúra pôvodná (slovenská)  |2 lita 
958 |a OND 
958 |a EUIPO 
958 |a article3 
999 |c 2024613  |d 2026543